[Event "16th Battle of Senta Open A"]
[Site "Senta SRB"]
[Date "2012.07.15"]
[Round "3.1"]
[White "Gleizerov,E"]
[Black "Pezelj,N"]
[Result "1-0"]
[WhiteElo "2565"]
[BlackElo "2327"]

1.d4 Nf6 2.c4 e6 3.g3 Bb4+ 4.Bd2 Qe7 5.Bg2 O-O 6.Nf3 Bxd2+ 7.Qxd2 d6 8.Nc3 c5
9.dxc5 dxc5 10.Ne5 Nbd7 11.Nxd7 Qxd7 12.O-O-O Qc7 13.Nb5 Qb6 14.Qc3 Bd7 15.Rd6 Bc6
16.Bxc6 bxc6 17.Qf3 Qb8 18.Rxc6 a6 19.Na3 Rd8 20.Nc2 Qb7 21.Rd6 Ne4 22.Rd3 Rab8
23.Rb3 Qc6 24.Rxb8 Rxb8 25.Rd1 f5 26.Qe3 Qb6 27.b3 Qa5 28.Kb2 Rd8 29.Rd3 Kf7
30.f3 Rxd3 31.Qxd3 Nf2 32.Qd7+ Kf6 33.Qd6 Kf7 34.a3 g5 35.b4 cxb4 36.axb4 Qa4
37.Qd4 Nh3 38.Qh8  1-0

[Event "5th Paleochora Open"]
[Site "Paleochora GRE"]
[Date "2012.07.17"]
[Round "2.25"]
[White "Hamitevici,V"]
[Black "Papadopoulos,Geo3"]
[Result "1-0"]
[WhiteElo "2429"]
[BlackElo "2036"]

1.d4 Nf6 2.c4 e6 3.g3 Bb4+ 4.Nd2 O-O 5.a3 Be7 6.Bg2 d5 7.Ngf3 c6 8.O-O b6
9.Ne5 Bb7 10.e4 Nfd7 11.Nd3 Nf6 12.e5 Ne4 13.Nxe4 dxe4 14.Nf4 c5 15.d5 exd5
16.cxd5 g5 17.Bxe4 gxf4 18.Qg4+ Bg5 19.Qf5 Re8 20.Qxh7+ Kf8 21.d6 f5 22.Bxb7 Nd7
23.Qh8+ Kf7 24.Qh5+  1-0

[Event "23rd Czech Open Rapid"]
[Site "Pardubice CZE"]
[Date "2012.07.18"]
[Round "1.1"]
[White "Kobo,Ori"]
[Black "Navara,D"]
[Result "0-1"]
[WhiteElo "2226"]
[BlackElo "2679"]

1.d4 Nf6 2.c4 e6 3.g3 Bb4+ 4.Bd2 a5 5.Bg2 d6 6.Bxb4 axb4 7.e4 e5 8.Ne2 O-O
9.O-O c5 10.d5 b5 11.cxb5 Bd7 12.Nd2 Bxb5 13.Re1 Nbd7 14.Qc2 Qc7 15.a3 Ra7
16.a4 Rfa8 17.b3 c4 18.Nxc4 Bxc4 19.bxc4 Nc5 20.Nc1 Rxa4 21.Rxa4 Rxa4 22.Nb3 Nfd7
23.Bh3 Nxb3 24.Bxd7 Ra3 25.Bg4 Qa7  0-1

[Event "27th Gniota Memorial"]
[Site "Police POL"]
[Date "2012.07.19"]
[Round "9.8"]
[White "Tokarczyk,T"]
[Black "Kuciel,W"]
[Result "0-1"]
[WhiteElo "2220"]
[BlackElo "2002"]

1.d4 Nf6 2.c4 e6 3.g3 Bb4+ 4.Bd2 a5 5.Bxb4 axb4 6.Bg2 O-O 7.e4 d6 8.Ne2 e5
9.O-O Qe7 10.a4 Nc6 11.d5 Na5 12.Qe1 Nb3 13.Ra2 Nc5 14.f3 b3 15.Ra3 b6 16.a5 bxa5
17.Rxa5 Bb7 18.Rxa8 Rxa8 19.Qc3 Qd7 20.Nd2 Qa4 21.Nc1 Ba6 22.Re1 Rb8 23.f4 Qb4
24.Re3 Qb6 25.Kh1 Na4 26.Qxb3 Qa7 27.Qa3 Ng4 28.Nf1 Bxc4 29.h3 Nxe3 30.Qxe3 Qxe3
31.Nxe3 Rxb2 32.Kh2 Ba6 33.fxe5 dxe5 34.g4 Nc3 35.Kg3 Rb1  0-1

[Event "XXI TCh-MKD 2012"]
[Site "Struga MKD"]
[Date "2012.07.19"]
[Round "4.2"]
[White "Dancevski,O"]
[Black "Stamenkov,V"]
[Result "1-0"]
[WhiteElo "2384"]
[BlackElo "2319"]

1.d4 Nf6 2.c4 e6 3.g3 Bb4+ 4.Bd2 Be7 5.Bg2 d5 6.Nc3 O-O 7.Bf4 c6 8.Nf3 dxc4
9.Ne5 Nd5 10.Nxc4 Nxf4 11.gxf4 c5 12.d5 exd5 13.Nxd5 Nc6 14.Ne5 Nxe5 15.fxe5 Be6
16.O-O Bxd5 17.Bxd5 Qb6 18.b3 Rad8 19.e4 c4 20.bxc4 Bc5 21.Kh1 Qh6 22.f4 b6
23.Qg4 Rde8 24.Rad1 Re7 25.Rf3 g6 26.h4 Kg7 27.Kg2 Kh8 28.Rh1 Rg8 29.Rg3 Qh5
30.Qxh5 gxh5 31.Rh3 h6 32.Kf3 Rg7 33.Ke2 Rg4 34.Kf3 Rg7 35.Rg2 Rxg2 36.Kxg2 Kg7
37.Rg3+ Kf8 38.f5 Bd4 39.f6 Rc7 40.Rf3 Bxe5 41.Rf5 Bc3 42.Kf3 Rc5 43.a4 a6
44.e5 b5 45.axb5 axb5 46.Rxh5 Bd2 47.Bxf7 bxc4 48.e6 Rxh5 49.Bxh5 Bb4 50.Ke4  1-0

[Event "23rd Czech Open A"]
[Site "Pardubice CZE"]
[Date "2012.07.20"]
[Round "1.71"]
[White "D'Costa,L"]
[Black "Jedlicka,A"]
[Result "1/2-1/2"]
[WhiteElo "2434"]
[BlackElo "2205"]

1.d4 Nf6 2.c4 e6 3.g3 Bb4+ 4.Bd2 a5 5.Bg2 d6 6.e4 Nc6 7.Ne2 e5 8.d5 Bxd2+
9.Qxd2 Nb8 10.Nbc3 Na6 11.O-O O-O 12.f4 c6 13.h3 cxd5 14.exd5 exf4 15.Rxf4 Nd7
16.Kh2 Nac5 17.Nd4 Ne5 18.b3 Bd7 19.Ndb5 Bxb5 20.Nxb5 Qe7 21.Raf1 a4 22.b4 Na6
23.Rc1 Rac8 24.a3 Qd7 25.Bf1 Rfe8 26.Qd4 Ng6 27.Rf2 Re5 28.h4 Rce8 29.Qb6 Rd8
30.Rc3 Qe7 31.Rcf3 f6 32.Nd4 Nf8 33.Qa5 Qd7 34.Nb5 f5 35.Qxa4 Nc7 36.Nc3 g6
37.Qa7 Ne8 38.Re2 Nf6 39.Rxe5 Ng4+ 40.Kg1 Nxe5 41.Rf4 g5 42.hxg5 Nfg6 43.Rf2 Ng4
44.Rf3 N6e5 45.Rf4 Ng6 46.Rf3 N6e5 47.Rf4 Ng6 48.Rf3 N6e5  1/2-1/2

[Event "16th Battle of Senta Open A"]
[Site "Senta SRB"]
[Date "2012.07.20"]
[Round "8.12"]
[White "Tancik,K"]
[Black "Paroski,S"]
[Result "1-0"]
[WhiteElo "2289"]
[BlackElo "2184"]

1.d4 Nf6 2.c4 e6 3.g3 Bb4+ 4.Bd2 Be7 5.Bg2 d5 6.Nf3 O-O 7.O-O c6 8.Qc2 Nbd7
9.Rd1 b6 10.Bf4 Bb7 11.Nc3 Rc8 12.Ne5 Qe8 13.e4 dxe4 14.Nxe4 Nxe4 15.Bxe4 Nf6
16.Bg2 h6 17.Qa4 a6 18.Qb3 Bd8 19.a4 Qe7 20.c5 bxc5 21.Nc4 Ne8 22.dxc5 Ba8
23.Nd6 Rc7 24.Nxe8 Rxe8 25.Bxc7 Bxc7 26.Qc4 a5 27.b4 axb4 28.Qxb4 Rb8 29.Qc4 Ba5
30.Rab1 Re8 31.Qa6 Qxc5 32.Rdc1 Qf5 33.Bxc6 Bxc6 34.Qxc6 Rd8 35.Rb5  1-0

[Event "23rd Czech Open A"]
[Site "Pardubice CZE"]
[Date "2012.07.21"]
[Round "2.69"]
[White "Pogan,N"]
[Black "Kulhanek,T"]
[Result "1/2-1/2"]
[WhiteElo "2205"]
[BlackElo "2396"]

1.d4 Nf6 2.c4 e6 3.g3 Bb4+ 4.Bd2 Qe7 5.Nf3 Nc6 6.Bg2 Bxd2+ 7.Nbxd2 d6 8.O-O O-O
9.e4 e5 10.d5 Nb8 11.Ne1 a5 12.Nd3 Na6 13.a3 Bg4 14.f3 Bd7 15.b4 c6 16.dxc6 bxc6
17.Qc2 Rfb8 18.Rab1 Nc7 19.Qc3 Ne6 20.c5 Nd4 21.Kh1 axb4 22.axb4 Nh5 23.Nc4 Ra2
24.Rb2 Ne2 25.Qe1 Rxb2 26.Ncxb2 Nd4 27.cxd6 Qxd6 28.Nc4 Qh6 29.Kg1 c5 30.bxc5 Bb5
31.Ncb2 Qe6 32.Rf2 Nf6 33.Bf1 Ra8 34.Kg2 h5 35.Nb4 h4 36.Bxb5 Nxb5 37.Qd1 Nd4
38.g4 Ra3 39.N2d3 h3+ 40.Kxh3 Nh7 41.Qc1 Ra8 42.Nd5 Rc8 43.Kg3 Kh8 44.h4 Nf6
45.Qg5 Nxd5 46.exd5 Qxd5 47.Qxe5 Qxe5+ 48.Nxe5 Kg8 49.Nd3 Rd8 50.Kf4 Re8
51.g5 Ne6+ 52.Kf5 g6+ 53.Kg4 Rd8 54.Ne5 Nxc5 55.h5 Nd3 56.Nxd3 gxh5+ 57.Kxh5 Rxd3
58.f4 Kg7 59.f5 Rh3+ 60.Kg4 Rh1 61.Rf3 Rg1+ 62.Rg3 Rf1 63.Rh3 Rg1+ 64.Kh5 f6
65.gxf6+ Kxf6 66.Rf3 Rg5+ 67.Kh4 Rxf5 68.Rxf5+ Kxf5  1/2-1/2

[Event "23rd Czech Open A"]
[Site "Pardubice CZE"]
[Date "2012.07.22"]
[Round "3.15"]
[White "Potapov,Alexa1"]
[Black "Andreev,Ed UKR"]
[Result "1/2-1/2"]
[WhiteElo "2395"]
[BlackElo "2498"]

1.d4 Nf6 2.c4 e6 3.g3 Bb4+ 4.Bd2 Qe7 5.Bg2 Nc6 6.Nf3 Bxd2+ 7.Nbxd2 d6 8.e4 O-O
9.O-O e5 10.d5 Nb8 11.Ne1 a5 12.Nd3 Na6 13.b3 c6  1/2-1/2

[Event "27th Avoine Open"]
[Site "Avoine FRA"]
[Date "2012.07.23"]
[Round "3.5"]
[White "Lazarev,V"]
[Black "Le Borgne,P"]
[Result "1-0"]
[WhiteElo "2442"]
[BlackElo "2233"]

1.d4 Nf6 2.c4 e6 3.g3 Bb4+ 4.Bd2 a5 5.Bg2 O-O 6.Nc3 d5 7.a3 Be7 8.Nf3 Nbd7
9.b3 c5 10.cxd5 Nxd5 11.Nxd5 exd5 12.Qc2 b6 13.O-O Ba6 14.Bc3 Rc8 15.Qb2 Bf6
16.Rfd1 Re8 17.e3 Qe7 18.Rac1 Bb7 19.Ne1 cxd4 20.Bxd4 Bxd4 21.Rxd4 Rxc1 22.Qxc1 Rc8
23.Qb2 Nf6 24.Rd2 Ne4 25.Rc2 Rxc2 26.Nxc2 f6 27.Nd4 Qc5 28.Bh3 Bc8 29.b4 Qc7
30.Bxc8 Qxc8 31.bxa5 bxa5 32.Qb5 Nd2 33.Qxd5+ Kh8 34.Nc6 Nb1 35.a4 h6 36.Ne7 Qe8
37.Qe4 f5 38.Qxb1 Qxe7 39.Qxf5 Qb4 40.Qc8+ Kh7 41.Qc6 Kg8 42.Kg2 Kf7  1-0

[Event "27th Avoine Open"]
[Site "Avoine FRA"]
[Date "2012.07.23"]
[Round "3.14"]
[White "Payen,Ar"]
[Black "Le Masle,R"]
[Result "1-0"]
[WhiteElo "2351"]
[BlackElo "2007"]

1.d4 Nf6 2.c4 e6 3.g3 Bb4+ 4.Bd2 Qe7 5.Bg2 O-O 6.e3 Nc6 7.Ne2 Bxd2+ 8.Qxd2 d6
9.Nbc3 e5 10.d5 Nb8 11.h3 c5 12.O-O e4 13.g4 h5 14.g5 Nh7 15.h4 Nd7 16.Nxe4 Ne5
17.b3 Ng6 18.f4 Nxh4 19.N2c3 f6 20.gxf6 Nxf6 21.Ng5 Ng4 22.Rae1 Rf6 23.e4 Bd7
24.e5 dxe5 25.d6 Rxd6 26.Nd5 Qd8 27.Nf7 Kxf7 28.fxe5+ Kg8 29.exd6 Nxg2 30.Ne7+ Kh8
31.Kxg2 Bc6+ 32.Kg3 Qd7 33.Rf7 Ne5 34.Ng6+ Nxg6 35.Rxd7 Bxd7 36.Qg5 h4+ 37.Kh2  1-0

[Event "ch-AUT 2012"]
[Site "Zwettl AUT"]
[Date "2012.07.24"]
[Round "4.26"]
[White "Koller,Hans-Juergen"]
[Black "Titz,Hei"]
[Result "0-1"]
[WhiteElo "2078"]
[BlackElo "2191"]

1.d4 Nf6 2.c4 e6 3.g3 Bb4+ 4.Bd2 Qe7 5.Bg2 O-O 6.Nf3 Nc6 7.O-O Bxd2 8.Nbxd2 d6
9.a3 a5 10.Qc2 a4 11.e4 e5 12.d5 Nb8 13.Ne1 Nbd7 14.Nd3 Nc5 15.Nxc5 dxc5
16.Rae1 Ne8 17.f4 f6 18.Qc3 Nd6 19.fxe5 Qxe5 20.Qxe5 fxe5 21.Rxf8+ Kxf8 22.Nf3 Nf7
23.h3 Ke7 24.Bf1 Ra6 25.Kg2 Rb6 26.Re2 Rb3 27.Rd2 Bxh3+ 28.Kxh3 Rxf3 29.Bd3 Nd6
30.Kg2 Re3 31.Kf2 Rxe4 32.Bc2 g6 33.Bxa4 Rxc4 34.Bc2 Ne4+ 35.Bxe4 Rxe4 36.Rc2 Kd6  0-1

[Event "XIV ch-Gdansk Int 2012"]
[Site "Gdansk POL"]
[Date "2012.07.27"]
[Round "7.3"]
[White "Khamitskiy,S"]
[Black "Rybak,T"]
[Result "1-0"]
[WhiteElo "2290"]
[BlackElo "2221"]

1.d4 Nf6 2.c4 e6 3.g3 Bb4+ 4.Nd2 d5 5.Bg2 O-O 6.Nf3 b6 7.O-O Nbd7 8.cxd5 exd5
9.Qb3 a5 10.Ne5 Bb7 11.Ndf3 Re8 12.Bf4 Nf8 13.Ng5 Re7 14.Rac1 Bd6 15.Qc2 c5
16.Ngxf7 Rxf7 17.Nxf7 Kxf7 18.Bxd6 Qxd6 19.dxc5 bxc5 20.Qxc5 Qxc5 21.Rxc5 Ne6
22.Rb5 Ra7 23.Rc1 g5 24.h3 Ke7 25.f4 gxf4 26.gxf4 Kd7 27.e3 Bc6 28.Rb6 Nd8
29.Bf1 Rc7 30.Bd3 Ne4 31.Bxe4 dxe4 32.Rb8 Ke7 33.Rc5 Nf7 34.Rb6 Kd7 35.Rxa5 Nd6
36.Rh5 Ke6 37.Rc5 Kd7 38.Kf2  1-0

[Event "ch-AUT 2012"]
[Site "Zwettl AUT"]
[Date "2012.07.29"]
[Round "9.13"]
[White "Rogetzer,K"]
[Black "Danner,G"]
[Result "0-1"]
[WhiteElo "2083"]
[BlackElo "2370"]

1.d4 Nf6 2.c4 e6 3.g3 Bb4+ 4.Bd2 Qe7 5.Nf3 Nc6 6.Bg2 Bxd2+ 7.Qxd2 Ne4 8.Qc2 Qb4+
9.Nc3 Nxc3 10.Qxc3 Qxc3+ 11.bxc3 Rb8 12.Nd2 Na5 13.O-O b6 14.Rab1 d6 15.c5 Ba6
16.cxd6 cxd6 17.Bf3 Ke7 18.Rb4 d5 19.Rc1 Rhc8 20.e4 dxe4 21.Bxe4 Bb7 22.Bxb7 Rxb7
23.Nb3 Nc6 24.Rc4 Rd7 25.f4 Rd5 26.Kf2 Kd8 27.Ke3 Rc7 28.Rc2 h6 29.h4 h5
30.Ke4 Rb5 31.Nd2 Ra5 32.a4 Ne7 33.Rxc7 Kxc7 34.Nc4 Rxa4 35.Ne3 b5 36.c4 b4
37.d5 b3 38.Rb2 exd5+ 39.Nxd5+ Nxd5 40.Kxd5 Rb4 41.Kd4 Kc6  0-1

[Event "113th US Open 2012"]
[Site "Vancouver USA"]
[Date "2012.08.07"]
[Round "4"]
[White "Gurevich,D"]
[Black "Daroza,E"]
[Result "1-0"]
[WhiteElo "2468"]
[BlackElo "2058"]

1.d4 Nf6 2.c4 e6 3.g3 Bb4+ 4.Nd2 O-O 5.Bg2 Nc6 6.Nf3 d6 7.O-O e5 8.Nb3 exd4
9.Nfxd4 Ne5 10.Qc2 c6 11.f4 Ng6 12.a3 Ba5 13.Nxa5 Qxa5 14.e4 Qc5 15.Qc3 Re8
16.b4 Qh5 17.f5 Ne5 18.h3 c5 19.Nb5 cxb4 20.axb4 Rd8 21.Bf4 Qe2 22.Rad1 Nfd7
23.Bxe5 dxe5 24.Bf3  1-0

[Event "113th US Open 2012"]
[Site "Vancouver USA"]
[Date "2012.08.08"]
[Round "5"]
[White "Sinanan,J"]
[Black "Luchan,J"]
[Result "1-0"]
[WhiteElo "2227"]
[BlackElo "2100"]

1.d4 Nf6 2.c4 e6 3.g3 Bb4+ 4.Bd2 Qe7 5.Nf3 Nc6 6.Nc3 Bxc3 7.Bxc3 Ne4 8.Rc1 Nxc3
9.Rxc3 O-O 10.Bg2 d6 11.d5 Nd8 12.dxe6 fxe6 13.Nd4 c6 14.O-O e5 15.Nc2 Be6
16.Qd2 Nf7 17.Ne3 Rad8 18.Rd3 Ng5 19.Rd1 Nf7 20.b4 a6 21.a4 Ra8 22.Qb2 Qc7
23.a5 Rfc8 24.Qc3 Qe7 25.Qd2 Rd8 26.h4 Kf8 27.Rc1 Rac8 28.Nd1 Bf5 29.e4 Be6
30.Ne3 g6 31.Rd1 Kg8 32.Kh2 Kg7 33.Bh3 Bxh3 34.Kxh3 Qe6+ 35.Kg2 Qe7 36.Qb2 Qe6
37.f4 Re8 38.f5 Qe7 39.Rf1 Kg8 40.Ng4 Rf8 41.fxg6 hxg6 42.Rf6 Nh8 43.Rdxd6 Rxf6
44.Rxf6 Re8 45.Qd2 Rf8 46.Rd6 Rc8 47.c5 Qf8 48.Qa2+ Kg7 49.Rd7+ Nf7 50.Nxe5  1-0

[Event "Open ch-MKD 2012"]
[Site "Struga MKD"]
[Date "2012.08.10"]
[Round "7.2"]
[White "Dancevski,O"]
[Black "Menkinoski,R"]
[Result "1-0"]
[WhiteElo "2388"]
[BlackElo "2352"]

1.d4 Nf6 2.c4 e6 3.g3 Bb4+ 4.Bd2 c5 5.Bxb4 cxb4 6.Bg2 O-O 7.e4 d6 8.Ne2 e5
9.a3 Qc7 10.b3 Qa5 11.O-O Re8 12.f3 Nc6 13.Kh1 b5 14.d5 Nb8 15.Qd2 bxc4 16.bxc4 Na6
17.Ra2 Qc5 18.Rc1 Nd7 19.Rb2 Rb8 20.axb4 Rxb4 21.Nec3 Nb6 22.Na3 Nxc4 23.Nxc4 Rxc4
24.Bf1 Rd4 25.Qe3 f5 26.Nb5 Qb6 27.Qf2 fxe4 28.Nxd4 Qxd4 29.Qxd4 exd4 30.Rxc8 Rxc8
31.Bxa6 Rc1+ 32.Kg2 d3 33.Rb8+ Kf7 34.fxe4 d2 35.Be2 d1=Q 36.Bxd1 Rxd1 37.Rb7+ Kf6
38.Rxa7 Rd2+ 39.Kf3 Rb2 40.h4 h6 41.Rd7 Rb6 42.h5 Ra6 43.Kf4 Rb6 44.Rxd6+  1-0

[Event "16th HZ Open"]
[Site "Vlissingen NED"]
[Date "2012.08.10"]
[Round "8"]
[White "Van der Auweraert,Elwin"]
[Black "Hamblok,R"]
[Result "1-0"]
[WhiteElo "2101"]
[BlackElo "2239"]

1.d4 Nf6 2.c4 e6 3.g3 Bb4+ 4.Bd2 Qe7 5.Bg2 Nc6 6.Nf3 Bxd2+ 7.Nbxd2 O-O 8.O-O d6
9.e4 e5 10.d5 Nb8 11.b4 a5 12.a3 Na6 13.Qb3 Bd7 14.Ne1 c6 15.Nc2 Rfb8 16.Ne3 Nc7
17.Rac1 cxd5 18.Nxd5 Nfxd5 19.exd5 b6 20.f4 exf4 21.Rxf4 axb4 22.axb4 Re8
23.Rcf1 f5 24.c5 Ba4 25.Qf3 Bb5 26.Rc1 bxc5 27.bxc5 Ra2 28.Nc4 Bxc4 29.Rfxc4 Nb5
30.c6 Qa7+ 31.Kh1 Rb2 32.Qd3 Qa2 33.Rg1 Rd2 34.Ra4 Rxd3 35.Rxa2 Nc3 36.Rc2 Rc8
37.Rgc1 Nxd5 38.c7 Kf7 39.Bf1 Rd4 40.Ba6 Ne7 41.Re1 Re4 42.Rxe4 fxe4 43.Bxc8 Nxc8
44.Kg2 Ke6 45.Kf2 Kd7 46.Ke3 d5 47.Kd4 Ne7 48.c8=Q+ Nxc8 49.Kxd5 Ne7+ 50.Kxe4 Ke6
51.Ra2 Kf6 52.Ra5 h6 53.h4 Ng8 54.Ra6+ Kf7 55.Ke5 Nf6 56.Kf5 Nh7 57.g4 Nf8
58.g5 hxg5 59.hxg5 g6+ 60.Ke5 Nd7+ 61.Kd5 Nf8 62.Ra7+ Kg8 63.Kd6 Nh7 64.Ra5 Kf7
65.Rb5 Kg7 66.Ke6 Nf8+ 67.Ke7 Nh7 68.Ke8 Kg8 69.Rb6 Kg7 70.Rb7+ Kg8 71.Rxh7 Kxh7
72.Kf7 Kh8 73.Kxg6  1-0

[Event "II Brazil Maringa Open"]
[Site "Maringa BRA"]
[Date "2012.08.12"]
[Round "8.23"]
[White "Rios Filho,H"]
[Black "Aguiar,Djalma"]
[Result "0-1"]
[WhiteElo "2212"]
[BlackElo "1964"]

1.d4 Nf6 2.c4 e6 3.g3 Bb4+ 4.Nd2 O-O 5.Bg2 d6 6.Nf3 Nc6 7.O-O Bxd2 8.Bxd2 e5
9.d5 Nb8 10.Qc2 a5 11.b3 Bg4 12.h3 Bh5 13.e4 Nbd7 14.Bc3 Nc5 15.g4 Bg6 16.Nd2 c6
17.Rad1 cxd5 18.cxd5 Nxd5 19.Bxe5 Nb4 20.Qc4 dxe5 21.Qxc5 Re8 22.a3 Nc6 23.Nc4 Qe7
24.Rd6 Nd4 25.Rb1 f6 26.Nb6 Rad8 27.Rxd8 Qxc5  0-1

[Event "Miguel Najdorf Open A"]
[Site "Warsaw POL"]
[Date "2012.08.12"]
[Round "7.17"]
[White "Maciaga,M"]
[Black "Zochowski,K"]
[Result "0-1"]
[WhiteElo "2224"]
[BlackElo "2073"]

1.d4 Nf6 2.c4 e6 3.g3 Bb4+ 4.Bd2 Qe7 5.Nf3 b6 6.Bg2 Bb7 7.O-O Bxd2 8.Qxd2 d6
9.Nc3 Ne4 10.Nxe4 Bxe4 11.Qe3 f5 12.Bh3 h6 13.Nh4 Rg8 14.f3 Bb7 15.Ng6 Qf7
16.Nf4 Bc8 17.c5 g5 18.Nd5 Kf8 19.Nc3 d5 20.cxb6 axb6 21.Nb5 c6 22.Nd6 Qc7
23.Qe5 Rg7 24.Qf6+ Kg8 25.Ne8 Qe7 26.Qxg7+ Qxg7 27.Nxg7 Kxg7 28.e4 g4 29.fxg4 fxe4
30.Rf2 c5 31.Raf1 Ra7 32.dxc5 bxc5 33.g5 hxg5 34.Rf8 Rc7 35.Rxc8 Rxc8 36.Bxe6 Rd8
37.Rf5 d4 38.Rxc5 e3 39.Bb3 d3 40.Re5 e2 41.Re7+ Kf6 42.Re3 Rc8 43.Re6+ Kg7  0-1

[Event "28th Geraardsbergen Open"]
[Site "Geraardsbergen BEL"]
[Date "2012.08.13"]
[Round "5.11"]
[White "Descamps,Stijn"]
[Black "Barbier,S"]
[Result "0-1"]
[WhiteElo "1983"]
[BlackElo "2113"]

1.d4 Nf6 2.c4 e6 3.g3 Bb4+ 4.Bd2 Qe7 5.Nc3 Bxc3 6.Bxc3 Ne4 7.Rc1 O-O 8.Nf3 d6
9.d5 e5 10.Bg2 a5 11.O-O Nd7 12.Ne1 f5 13.Nd3 Rf6 14.f3 Nxc3 15.Rxc3 b6 16.e4 fxe4
17.fxe4 Rxf1+ 18.Kxf1 Nf6 19.Nf2 Bd7 20.Kg1 Rf8 21.a3 a4 22.Qe2 Qf7 23.Rc1 Qg6
24.Rf1 Ra8 25.Rc1 Bc8 26.Rc3 Nd7 27.Nd3 Nf6 28.Nf2 Bd7 29.h3 Nh5 30.Kh2 Rf8
31.h4 Nf6 32.Bh3 Bxh3 33.Kxh3 Nd7 34.Rf3 Rxf3 35.Qxf3 Nc5 36.Kg2 Nb3 37.Qd1 Kf8
38.Kf3 Ke7 39.g4 Qf6+ 40.Kg3 Qf4+ 41.Kg2 Qe3 42.g5 Qf4 43.Qh5 Nd2 44.Qxh7 Qf3+
45.Kg1 Qg3+ 46.Kh1 Qxf2 47.g6 Qf6 48.h5 Nxe4  0-1

[Event "2nd Split Open 2012"]
[Site "Split CRO"]
[Date "2012.08.16"]
[Round "6.30"]
[White "Ognjan,R"]
[Black "Janzelj,T"]
[Result "0-1"]
[WhiteElo "2076"]
[BlackElo "2203"]

1.d4 Nf6 2.c4 e6 3.g3 Bb4+ 4.Bd2 Qe7 5.Bg2 Nc6 6.a3 Bxd2+ 7.Qxd2 e5 8.d5 Nd4
9.Qc3 d6 10.e4 O-O 11.Nd2 c6 12.Ngf3 Nxf3+ 13.Qxf3 Bg4 14.Qd3 cxd5 15.cxd5 Qc7
16.Nb3 a5 17.Rc1 Qb6 18.O-O Rfc8 19.Nd2 Bd7 20.Qb3 Qa6 21.Nc4 b5 22.Ne3 Qa7
23.Rfd1 Rc5 24.Rxc5 Qxc5 25.Rd2 b4 26.Rc2 Qb5 27.h3 Rb8 28.Nf5 Bxf5 29.exf5 Qd7
30.g4 a4 31.Qc4 bxa3 32.bxa3 h6 33.Qc6 Rb1+ 34.Kh2 Qe7 35.Qa8+ Kh7 36.Rc8 g6
37.fxg6+ fxg6 38.Qxa4 e4 39.Qd4 Rb3 40.Rc3 Rb5 41.Rc6 Rxd5 42.Qc3 Ne8 43.a4 Rd3
44.Qb2 Qf7 45.Qc1 Qf6 46.Qc4 Qe5+ 47.Kg1 Rd1+ 48.Bf1 e3 49.Qf7+ Ng7 50.fxe3 Qg3+
51.Kh1 Qxh3+ 52.Kg1 Qxg4+ 53.Kf2 Rd2+ 54.Ke1 Qd1+  0-1

[Event "25th Panevezys Open"]
[Site "Panevezys LTU"]
[Date "2012.08.17"]
[Round "7.7"]
[White "Zebelis,R"]
[Black "Apanaviciute,K"]
[Result "0-1"]
[WhiteElo "1921"]
[BlackElo "1980"]

1.d4 Nf6 2.c4 e6 3.g3 Bb4+ 4.Bd2 c5 5.dxc5 Bxc5 6.Bg2 Qb6 7.e3 Qxb2 8.Nc3 Qb6
9.Nge2 Qd8 10.O-O O-O 11.Na4 Be7 12.Rb1 Nc6 13.e4 Ne5 14.Qb3 d6 15.Rfd1 Qc7
16.Rdc1 Rb8 17.Be3 b6 18.h3 Ba6 19.Nb2 Qd7 20.Qa3 Bxc4 21.Nxc4 Nxc4 22.Qb3 Nxe3
23.Qxe3 Rfc8 24.Rd1 Qa4 25.Rd2 Qa5 26.Rbd1 h6 27.Kh2 Rc4 28.f4 Rbc8 29.g4 Qc5
30.Qf3 Nxe4 31.Rd4 Rxd4 32.Nxd4 d5 33.Qe3 Nf6 34.g5 hxg5 35.fxg5 Bd6+ 36.Kh1 Nh5
37.g6 Ng3+ 38.Kg1 fxg6 39.Qxe6+ Kh7 40.Bxd5 Ne2+ 41.Qxe2 Qxd5 42.Nf3 Qc5+
43.Kg2 Bf4 44.Nd4 Qg5+ 45.Kh1 Rc3 46.Nf3 Qf5 47.Qf1 Qc2 48.Kg1 Qxa2 49.h4 Qa3
50.Ra1 Qc5+ 51.Kg2 Rc2+ 52.Kh1 Rf2 53.Qh3 Qc6 54.Rf1 Rh2+ 55.Qxh2 Bxh2 56.Kxh2 Qd6+
57.Kg2 Qd5 58.Kg3 g5 59.hxg5 Kg6 60.Rf2 a5 61.Rd2 Qb3 62.Kg4 Qb4+ 63.Rd4 Qc5
64.Nh4+ Kf7 65.g6+ Ke6 66.Rf4 a4 67.Rxa4 Qg1+ 68.Kh3 Qh1+ 69.Kg3 Qe1+ 70.Kh3 b5
71.Rf4 Kd5 72.Rf7 b4 73.Nf3 Qe6+ 74.Kh4 Qxg6 75.Rd7+ Kc5  0-1

[Event "12th ch-Euro Seniors"]
[Site "Kaunas LTU"]
[Date "2012.08.19"]
[Round "2.30"]
[White "Mortensen,S"]
[Black "Teemae,L"]
[Result "1-0"]
[WhiteElo "2031"]
[BlackElo "2047"]

1.d4 Nf6 2.c4 e6 3.g3 Bb4+ 4.Nd2 Nc6 5.Nf3 O-O 6.Bg2 d6 7.O-O Bxd2 8.Bxd2 a5
9.b3 Ne4 10.Bc1 f5 11.Bb2 a4 12.Qc1 Qe7 13.d5 Nd8 14.dxe6 Nxe6 15.Nd4 Nxd4
16.Bxd4 axb3 17.axb3 Bd7 18.Qe3 c5 19.Bb2 Bc6 20.f3 Qg5 21.Qd3 Qd2 22.fxe4 Qxb2
23.Rab1 Qe5 24.Rxf5 Rxf5 25.exf5 Re8 26.Bxc6 bxc6 27.Rd1 Rf8 28.e4 h5 29.Qxd6  1-0

[Event "2nd Isthmia Open A"]
[Site "Korinthia GRE"]
[Date "2012.08.19"]
[Round "3.12"]
[White "Mastrovasilis,A"]
[Black "Gogolis,A"]
[Result "1/2-1/2"]
[WhiteElo "2539"]
[BlackElo "2267"]

1.d4 Nf6 2.c4 e6 3.g3 Bb4+ 4.Bd2 Qe7 5.Bg2 Nc6 6.e3 O-O 7.Ne2 e5 8.d5 Nb8
9.Nbc3 d6 10.a3 Bxc3 11.Bxc3 Bf5 12.f3 a5 13.e4 Bg6 14.b4 Nfd7 15.h4 h6 16.g4 Na6
17.h5 Bh7 18.O-O axb4 19.axb4 c5 20.dxc6 bxc6 21.Qd3 Nc7 22.Qe3 c5 23.b5 Ne6
24.Qd3 Nd4 25.Bd2 Kh8 26.Rfb1 Rfb8 27.Bf1 Bg8 28.Kg2 f6 29.Nc3 Qd8 30.Nd5 Nb6
31.Nxb6 Qxb6 32.Qc3 Be6 33.Rxa8 Rxa8 34.Ra1 Rxa1 35.Qxa1 Kh7 36.Qa8 Qc7 37.Bd3 Qf7
38.b6 Bxc4 39.b7 Nc6 40.Bc2 Bf1+ 41.Kxf1 Qc4+ 42.Ke1 Qxc2 43.b8=Q Nxb8 44.Qxb8 Qd3
45.Qe8 Qxf3 46.Qg6+ Kh8 47.Qe8+ Kh7 48.Qg6+ Kh8 49.Qf5 Qd3 50.Qc8+ Kh7 51.Qf5+ Kh8
52.Bxh6 gxh6 53.Qxf6+ Kg8 54.Qg6+ Kf8 55.Qxh6+ Ke7 56.Qg5+ Kd7  1/2-1/2

[Event "12th World Uni Men"]
[Site "Guimaraes POR"]
[Date "2012.08.20"]
[Round "2.6"]
[White "Bulski,K"]
[Black "Vasques,A"]
[Result "1/2-1/2"]
[WhiteElo "2544"]
[BlackElo "2214"]

1.d4 Nf6 2.c4 e6 3.g3 Bb4+ 4.Bd2 c5 5.Bxb4 cxb4 6.Bg2 O-O 7.Nf3 d6 8.O-O Nc6
9.a3 bxa3 10.Rxa3 e5 11.d5 Nb4 12.Nc3 Re8 13.Qd2 a5 14.Ne1 Bd7 15.Nd3 Rc8
16.b3 e4 17.Nb2 e3 18.fxe3 Qb6 19.Qd4 Qxd4 20.exd4 Nc2 21.Rxa5 Nxd4 22.Ra7 Nxe2+
23.Nxe2 Rxe2 24.Nd3 Re3 25.Rf3 Rxf3 26.Bxf3 b5 27.Nb2 Kf8 28.Kf2 Rb8 29.Nd1 bxc4
30.bxc4 Rb4 31.Be2 Ne4+ 32.Ke3 Nc5 33.Nc3 Rb3 34.Kd4 Rb2 35.Ra2 Rxa2 36.Nxa2 Ke7
37.Bd1 f5 38.Nc3 g5 39.Bc2  1/2-1/2

[Event "ZMDI Open A 2012"]
[Site "Dresden GER"]
[Date "2012.08.22"]
[Round "5"]
[White "Prohaszka,P2"]
[Black "Hoffmann,Pau"]
[Result "1-0"]
[WhiteElo "2563"]
[BlackElo "2384"]

1.d4 Nf6 2.c4 e6 3.g3 Bb4+ 4.Bd2 a5 5.Nf3 d6 6.Bg2 Nbd7 7.O-O e5 8.Nc3 exd4
9.Nxd4 O-O 10.Qc2 c6 11.Rad1 Re8 12.h3 Qb6 13.Bf4 h6 14.Na4 Qa6 15.a3 Bc5
16.Nb3 Re6 17.h4 Qa7 18.e3 Ne5 19.Nbxc5 dxc5 20.Rd8+ Ne8 21.Bh3 Nf3+ 22.Kg2 Nxh4+
23.Kh1 b5 24.Nc3 Qe7 25.Rxc8 Rxc8 26.Bxe6 Qxe6 27.gxh4 Qxc4 28.Rg1 Qe6 29.Qe4 Qf6
30.Be5 Qxf2 31.Bxg7 f5 32.Qe6+  1-0

[Event "EY Boys U16 2012"]
[Site "Prague CZE"]
[Date "2012.08.22"]
[Round "6.13"]
[White "Santos Latasa,J"]
[Black "Mikes,J"]
[Result "1-0"]
[WhiteElo "2403"]
[BlackElo "2125"]

1.d4 Nf6 2.c4 e6 3.g3 Bb4+ 4.Bd2 Qe7 5.Bg2 O-O 6.Nc3 d6 7.Nf3 e5 8.dxe5 dxe5
9.O-O Nbd7 10.Qc2 Re8 11.Ng5 Bxc3 12.Bxc3 h6 13.Ne4 Nxe4 14.Qxe4 Nf6 15.Qe3 Ng4
16.Qd2 Rd8 17.Qc1 Qc5 18.h3 Nf6 19.b3 c6 20.Qb2 Re8 21.e4 Nh7 22.Kh2 f6 23.Rad1 Ng5
24.Qe2 Be6 25.f4 exf4 26.gxf4 Nf7 27.Bd4 Qa5 28.Qf2 Rad8 29.Bxa7 Ra8 30.Bd4 Qxa2
31.Qg3 Kh8 32.f5  1-0

[Event "EY Boys U14 2012"]
[Site "Prague CZE"]
[Date "2012.08.24"]
[Round "8.43"]
[White "Spacek,O"]
[Black "Erdogan,Anil Berk"]
[Result "1-0"]
[WhiteElo "1945"]
[BlackElo "1681"]

1.d4 e6 2.c4 Nf6 3.g3 Bb4+ 4.Bd2 Qe7 5.Bg2 Nc6 6.Nf3 O-O 7.O-O Bxd2 8.Nbxd2 d6
9.Qc2 e5 10.d5 Nb8 11.e4 Ne8 12.Nh4 g5 13.Nf5 Bxf5 14.exf5 f6 15.b4 c5 16.dxc6 Nxc6
17.b5 Nd8 18.Rfd1 Rc8 19.Rac1 Nf7 20.a4 Ng7 21.g4 Rfd8 22.Qa2 h5 23.h3 Rd7
24.Bd5 h4 25.Ne4 Kf8 26.a5 Nd8 27.Rc3 Ne8 28.a6 b6 29.Rcd3 Kg7 30.Qa3 Rcc7
31.R3d2 Kf8 32.Kg2 Kg7 33.Qf3 Kf8 34.Nc3 Rc8 35.Kg1 Kg7 36.Qe2 Kf8 37.Na2 Kg7
38.Nb4 Kh7 39.Bg2 Kg7 40.Bf3 Kf7 41.Bd5+ Kg7 42.Qf3 Kh6 43.Nc6 Qf8 44.Be6 Nxe6
45.fxe6 Rdc7 46.e7 Qf7 47.Rxd6 Nxd6 48.Rxd6 Kg7 49.Qf5 Rxc6 50.bxc6 Qxc4
51.Qxf6+ Kg8 52.Qg6+ Kh8 53.Rd8+  1-0

[Event "11th Lichtenberger Sommer 2012"]
[Site "Berlin GER"]
[Date "2012.08.25"]
[Round "8.7"]
[White "Zschaebitz,K"]
[Black "Schneider,Ch1"]
[Result "0-1"]
[WhiteElo "2077"]
[BlackElo "2234"]

1.d4 Nf6 2.c4 e6 3.g3 Bb4+ 4.Bd2 Qe7 5.Bg2 O-O 6.Nc3 Nc6 7.Nf3 Bxc3 8.Bxc3 Ne4
9.Rc1 d6 10.O-O Nxc3 11.Rxc3 e5 12.d5 Nb8 13.Nd2 a5 14.c5 Na6 15.cxd6 cxd6
16.Nc4 Qd8 17.Qb3 Nc5 18.Qa3 b5 19.b4 axb4 20.Qxa8 bxc3 21.Ne3 Ba6 22.Qxd8 Rxd8
23.a3 Nb3 24.Nc2 Nd4 25.Nxd4 exd4 26.Be4 b4 27.axb4 Bxe2 28.Rc1 Rc8 29.Bf5 d3
30.Ra1 d2  0-1